Indira Gandhi : (Record no. 102289)

MARC details
000 -LEADER
fixed length control field 01007nam a22002537a 4500
005 - DATE AND TIME OF LATEST TRANSACTION
control field 20180224103738.0
010 ## - LCCN (DPL NO)
LC control number 1617EN ENG-120361
020 ## - INTERNATIONAL STANDARD BOOK NUMBER
International Standard Book Number 9789351710745
Terms of availability 1995.00
035 ## - SYSTEM CONTROL NUMBER
System control number B-647979-986
035 ## - SYSTEM CONTROL NUMBER
System control number B-664854
035 ## - SYSTEM CONTROL NUMBER
System control number EN-103893
037 ## - SOURCE OF ACQUISITION
Stock number DPL
Source of stock number/acquisition M.M.L
037 ## - SOURCE OF ACQUISITION
Source of stock number/acquisition DBAD/PUB
082 ## - DEWEY DECIMAL CLASSIFICATION NUMBER
Classification number 921
100 ## - MAIN ENTRY--PERSONAL NAME
Personal name Reddy, K. Damodara
245 ## - TITLE STATEMENT
Title Indira Gandhi :
Statement of responsibility, etc by K. Damodara Reddy
Remainder of title a comprehensive political biography /
260 ## - PUBLICATION, DISTRIBUTION, ETC. (IMPRINT)
Place of publication, distribution, etc New Delhi
Name of publisher, distributor, etc Research India Press
Date of publication, distribution, etc 2016
270 ## - ADDRESS
Address E-6/34, Sangam Vihar,
City New Delhi
Postal code 110062
300 ## - PHYSICAL DESCRIPTION
Extent 513p.
Other physical details 22cm(Hb)
500 ## - GENERAL NOTE
General note Includes bibliographical reference
942 ## - ADDED ENTRY ELEMENTS (KOHA)
Source of classification or shelving scheme Dewey Decimal Classification
Item type English Books
Call number suffix RED
Classification part 921
Holdings
Withdrawn status Lost status Not for loan Collection code Home library Current library Date acquired Source of acquisition Cost, normal purchase price Full call number Barcode Copy number Cost, replacement price Koha item type
      Non-fiction Ashok Vihar Ashok Vihar 24/02/2018 MML/187366/04.03.2017/462/15.02.2017/06.03.2017 1995.00 921 RED B-664854 1 1995.00 English Books
      Non-fiction Bawana Bawana 30/03/2017 BPPD/EN/2016-17/296/24.11.2016/185341/29.11.2016/2.1.2017 1995.00 921 RED B-647983 1 1995.00 English Books
      Non-fiction Bawana Bawana 30/03/2017 BPPD/EN/2016-17/296/24.11.2016/185341/29.11.2016/2.1.2017 1995.00 921 RED B-647985 1 1995.00 English Books
    Not For Loan Non-fiction D.B.Act.Division Bawana 08/09/2017 DBAD/PUB 1995.00 921 RED EN-103893 1 1995.00 English Books
      Non-fiction Central Library Central Library 30/03/2017 BPPD/EN/2016-17/296/24.11.2016/185341/29.11.2016/2.1.2017 1995.00 921 RED B-647979 1 1995.00 English Books
      Non-fiction Janak Puri Janak Puri 30/03/2017 BPPD/EN/2016-17/296/24.11.2016/185341/29.11.2016/2.1.2017 1995.00 921 RED B-647981 1 1995.00 English Books
      Non-fiction Narela Narela 30/03/2017 BPPD/EN/2016-17/296/24.11.2016/185341/29.11.2016/2.1.2017 1995.00 921 RED B-647984 1 1995.00 English Books
      Non-fiction Patel Nagar Patel Nagar 30/03/2017 BPPD/EN/2016-17/296/24.11.2016/185341/29.11.2016/2.1.2017 1995.00 921 RED B-647980 1 1995.00 English Books
      Non-fiction Sarojini Nagar Sarojini Nagar 30/03/2017 BPPD/EN/2016-17/296/24.11.2016/185341/29.11.2016/2.1.2017 1995.00 921 RED B-647982 1 1995.00 English Books
      Non-fiction Shahdara Branch Shahdara Branch 30/03/2017 BPPD/EN/2016-17/296/24.11.2016/185341/29.11.2016/2.1.2017 1995.00 921 RED B-647986 1 1995.00 English Books

© Delhi Public Library
Hit Counter
free hit counter